| 000 | 00366nam a2200157Ia 4500 | ||
|---|---|---|---|
| 008 | 210716s2005 xx 000 0 und d | ||
| 020 | _a0321261623 | ||
| 041 | _aeng | ||
| 082 | _a374.22 DIYR | ||
| 100 | _aDiyanni, Robert. | ||
| 245 | _aFifty great essays. | ||
| 250 | _a2 | ||
| 260 |
_aNew York _bPearson _c2005 |
||
| 300 | _a415 | ||
| 650 | _aGeneral Knowledge | ||
| 999 |
_c203218 _d203218 |
||